A tigress called machhli: (Record no. 193639)

MARC details
000 -LEADER
fixed length control field 00730nam a22001937a 4500
005 - DATE AND TIME OF LATEST TRANSACTION
control field 20221107114440.0
010 ## - LCCN (DPL NO)
LC control number ENG-135621
020 ## - INTERNATIONAL STANDARD BOOK NUMBER
International Standard Book Number 9789388322157
Terms of availability 299.00
035 ## - SYSTEM CONTROL NUMBER
System control number EN-119153
037 ## - SOURCE OF ACQUISITION
Source of stock number/acquisition DBAD/PUB
082 ## - DEWEY DECIMAL CLASSIFICATION NUMBER
Classification number 590.723454
100 ## - MAIN ENTRY--PERSONAL NAME
Personal name Sehgal, Supriya
245 ## - TITLE STATEMENT
Title A tigress called machhli:
Remainder of title and other true animal stories from india/
Statement of responsibility, etc by Supriya Sehgal; illustrated by Jit Chowdhury
260 ## - PUBLICATION, DISTRIBUTION, ETC. (IMPRINT)
Place of publication, distribution, etc Gurugram
Name of publisher, distributor, etc Hachette book publishing india private limited
Date of publication, distribution, etc 2019
270 ## - ADDRESS
Address 4th & 5th floors, corporate centre, plot no. 94, sector 44
City Gurugram
Postal code 122003
300 ## - PHYSICAL DESCRIPTION
Extent vi; 162p.
Dimensions 20cm(hbk)
Other physical details Acknowledgements
700 ## - ADDED ENTRY--PERSONAL NAME
Personal name Chowdhury, Jit
Relator term Illustrator
942 ## - ADDED ENTRY ELEMENTS (KOHA)
Source of classification or shelving scheme Dewey Decimal Classification
Item type English Books
Call number suffix SEH
Classification part 590.723454
Holdings
Withdrawn status Lost status Not for loan Collection code Home library Current library Date acquired Source of acquisition Cost, normal purchase price Full call number Barcode Copy number Cost, replacement price Koha item type
    Not For Loan Non-fiction D.B.Act.Division D.B.Act.Division 07/11/2022 DBAD/PUB 299.00 590.723454 SEH EN-119153 1 299.00 English Books

© Delhi Public Library
Hit Counter
free hit counter